000 00589nam a2200229 a 4500
001 nice12345678
003 IN_TiNIC
005 20260116014155.0
008 120917s2006 dela grp 000 0 eng
020 _a8172149255
_c150
082 0 0 _a266
_bDAS
100 _aDas, Somen
245 _aChurch and the World
_b Towards a Biblical-Ethical Understanding
260 _aDelhi
_bISPCK
_c2006
300 _a224p
500 _aincludes index and biblioraphy
650 _aChurch and Social Problems
700 1 _aDas, Somen
902 _bSRS
942 _cBK
999 _c14181
_d14181